[Event "4NCL/Div1c/PAP vs. WGHK1"]
[Site "Staverton Park ENG"]
[Date "2009.05.02"]
[Round "9.3"]
[White "Summerscale, Aaron"]
[Black "Cramling, Pia"]
[Result "1/2-1/2"]
[WhiteElo "2453"]
[BlackElo "2528"]
[PlyCount "57"]
[EventDate "2009.05.02"]
[EventType "team"]
[EventRounds "11"]
[EventCountry "ENG"]
[SourceDate "2008.10.04"]

1. f4 d5 2. Nf3 g6 3. g3 Bg7 4. Bg2 b6 5. c4 e6 6. Ne5 Ne7 7. b3 Bb7 8. Bb2 O-O
9. O-O c5 10. e3 Nbc6 11. Na3 Rb8 12. Nxc6 Bxc6 13. Bxg7 Kxg7 14. d3 Qd7 15.
Qe2 dxc4 16. dxc4 Bxg2 17. Kxg2 Nf5 18. Nc2 Rfd8 19. Rfd1 Qe7 20. e4 Qb7 21.
Qf3 Nd6 22. e5 Ne4 23. Ne3 h5 24. Nf1 Qa8 25. Rxd8 Rxd8 26. Kg1 f5 27. exf6+
Nxf6 28. Qxa8 Rxa8 29. Rd1 1/2-1/2

[Event "4NCL/Div1c/PAP vs. WGHK1"]
[Site "Staverton Park ENG"]
[Date "2009.05.02"]
[Round "9.5"]
[White "Ward, Chris G"]
[Black "Berczes, David"]
[Result "1/2-1/2"]
[WhiteElo "2422"]
[BlackElo "2513"]
[PlyCount "26"]
[EventDate "2009.05.02"]
[EventType "team"]
[EventRounds "11"]
[EventCountry "ENG"]
[SourceDate "2008.10.04"]

1. d4 Nf6 2. Nf3 e6 3. c3 c5 4. Bg5 Be7 5. Nbd2 cxd4 6. cxd4 O-O 7. e4 h6 8.
Bxf6 Bxf6 9. e5 Be7 10. Bd3 Nc6 11. O-O d5 12. exd6 Bxd6 13. Nc4 Bc7 1/2-1/2

[Event "4NCL/Div1c/PAP vs. WGHK1"]
[Site "Staverton Park ENG"]
[Date "2009.05.02"]
[Round "9.6"]
[White "Lalic, Bogdan"]
[Black "Pokorna, Regina"]
[Result "1-0"]
[WhiteElo "2508"]
[BlackElo "2368"]
[PlyCount "101"]
[EventDate "2009.05.02"]
[EventType "team"]
[EventRounds "11"]
[EventCountry "ENG"]
[SourceDate "2008.10.04"]

1. Nf3 Nf6 2. c4 e6 3. Nc3 d5 4. d4 Be7 5. Bg5 h6 6. Bh4 O-O 7. e3 b6 8. Be2
Bb7 9. Bxf6 Bxf6 10. cxd5 exd5 11. b4 c6 12. Qb3 a5 13. bxa5 Rxa5 14. O-O Nd7
15. a4 Qe7 16. Rab1 g6 17. Rfe1 Bg7 18. Bd3 Ba6 19. Bxa6 Rxa6 20. e4 dxe4 21.
Nxe4 Rfa8 22. Qc2 Qa3 23. Ra1 Qf8 24. Qxc6 Nc5 25. dxc5 bxc5 26. Qd5 Bxa1 27.
Rxa1 Qg7 28. Rf1 Rxa4 29. Nxc5 Ra1 30. g3 Rxf1+ 31. Kxf1 Qa1+ 32. Kg2 Rc8 33.
Ne4 Kg7 34. Ne5 Rf8 35. Nd6 Qa8 36. Qxa8 Rxa8 37. Ndxf7 Kf6 38. f4 Ra2+ 39. Kh3
Rd2 40. Nxh6 Kg7 41. Nhg4 Ra2 42. Nf3 Ra3 43. Ng5 Ra2 44. Ne4 Ra4 45. Ngf2 Ra3
46. Kg4 Ra5 47. h4 Rb5 48. Nd3 Kh6 49. Ne5 Ra5 50. Nf6 Ra3 51. Ng8+ 1-0

[Event "4NCL/Div1c/PAP vs. WGHK1"]
[Site "Staverton Park ENG"]
[Date "2009.05.02"]
[Round "9.7"]
[White "Constantinou, Peter"]
[Black "Arakhamia-Grant, Ketevan"]
[Result "1/2-1/2"]
[WhiteElo "2235"]
[BlackElo "2492"]
[PlyCount "57"]
[EventDate "2009.05.02"]
[EventType "team"]
[EventRounds "11"]
[EventCountry "ENG"]
[SourceDate "2008.10.04"]

1. d4 Nf6 2. Nf3 g6 3. Bf4 Bg7 4. e3 d6 5. h3 O-O 6. Be2 c5 7. c3 b6 8. O-O Bb7
9. Nbd2 Nbd7 10. a4 cxd4 11. exd4 Nd5 12. Bh2 Bh6 13. a5 Nf4 14. Bxf4 Bxf4 15.
Bb5 a6 16. Bxd7 Bxd2 17. Nxd2 Qxd7 18. axb6 Qc6 19. f3 Qxb6 20. Nc4 Qb5 21. Na5
Bc8 22. Qd2 Rb8 23. b3 Bd7 24. Kh1 Rfe8 25. Rfc1 Qh5 26. c4 Red8 27. d5 Rdc8
28. b4 e6 29. dxe6 1/2-1/2

[Event "4NCL/Div1c/PAP vs. WGHK1"]
[Site "Staverton Park ENG"]
[Date "2009.05.02"]
[Round "9.8"]
[White "Hanley, Craig A"]
[Black "Auckland, Elliott"]
[Result "1-0"]
[WhiteElo "2430"]
[BlackElo "2002"]
[PlyCount "85"]
[EventDate "2009.05.02"]
[EventType "team"]
[EventRounds "11"]
[EventCountry "ENG"]
[SourceDate "2008.10.04"]

1. e4 c5 2. Nf3 e6 3. d4 cxd4 4. Nxd4 a6 5. Nc3 Qc7 6. Be2 Nf6 7. O-O Be7 8. f4
d6 9. Be3 Nbd7 10. Bf3 Rb8 11. g4 h6 12. a4 g6 13. Qd2 Nb6 14. b3 e5 15. g5
exf4 16. Bxf4 hxg5 17. Bxg5 Bh3 18. Bg2 Bxg2 19. Rxf6 Bxf6 20. Bxf6 Rh3 21.
Ndb5 axb5 22. Nxb5 Qd7 23. Qxd6 Qxd6 24. Nxd6+ Kd7 25. Kxg2 Rxh2+ 26. Kxh2 Kxd6
27. Kg3 Nd7 28. Bd4 Re8 29. Kf4 Nc5 30. Bxc5+ Kxc5 31. Rd1 g5+ 32. Ke3 g4 33.
Rd7 g3 34. Rxf7 Rg8 35. Rf1 Kb4 36. Rg1 Rc8 37. Rxg3 Rxc2 38. Kd4 Rd2+ 39. Rd3
Re2 40. e5 b6 41. Kd5 b5 42. axb5 Kxb5 43. e6 1-0

[Event "4NCL/Div1c/GADS vs. GUI2"]
[Site "Staverton Park ENG"]
[Date "2009.05.02"]
[Round "9.2"]
[White "Pert, Richard G"]
[Black "Davies, Nigel R"]
[Result "1/2-1/2"]
[WhiteElo "2459"]
[BlackElo "2487"]
[PlyCount "35"]
[EventDate "2009.05.02"]
[EventType "team"]
[EventRounds "11"]
[EventCountry "ENG"]
[SourceDate "2008.10.04"]

1. d4 Nf6 2. Bg5 b6 3. f3 d5 4. e4 dxe4 5. Nc3 e3 6. Bc4 e6 7. Nge2 Bb7 8. Bxe3
Be7 9. Qd2 O-O 10. O-O c6 11. Nf4 Nd5 12. Ncxd5 cxd5 13. Be2 Ba6 14. Nd3 Nc6
15. f4 Rc8 16. f5 Bf6 17. c3 Bxd3 18. Bxd3 1/2-1/2

[Event "4NCL/Div1c/GADS vs. GUI2"]
[Site "Staverton Park ENG"]
[Date "2009.05.02"]
[Round "9.3"]
[White "Jirka, Jiri"]
[Black "Shaw, John K"]
[Result "1/2-1/2"]
[WhiteElo "2460"]
[BlackElo "2469"]
[PlyCount "105"]
[EventDate "2009.05.02"]
[EventType "team"]
[EventRounds "11"]
[EventCountry "ENG"]
[SourceDate "2008.10.04"]

1. d4 d5 2. Nf3 Nf6 3. c4 c6 4. g3 Bf5 5. Nc3 e6 6. Nh4 Bg6 7. Qb3 Qb6 8. Nxg6
hxg6 9. c5 Qc7 10. Bf4 Qc8 11. h4 Nbd7 12. e3 Be7 13. Rc1 Nh5 14. Be5 f5 15.
Bd3 Kf7 16. Ne2 Nxe5 17. dxe5 Qc7 18. Qc3 g5 19. hxg5 Nf4 20. Rxh8 Nxd3+ 21.
Qxd3 Rxh8 22. f4 Rh1+ 23. Kf2 Rxc1 24. Nxc1 Bxc5 25. g4 g6 26. gxf5 exf5 27.
Nb3 Bb6 28. Qf1 Kg8 29. Qh1 Qh7 30. Qh6 Qxh6 31. gxh6 Kh7 32. e6 Bd8 33. Na5
Kxh6 34. Nxb7 Bh4+ 35. Ke2 Kg7 36. Na5 c5 37. Nc6 Kf6 38. e7 Kf7 39. Nxa7 Kxe7
40. Nc6+ Kd6 41. Ne5 Bf6 42. b4 cxb4 43. Nxg6 Ke6 44. Nf8+ Kd6 45. Kd3 Bd8 46.
Nh7 Bb6 47. Ng5 Ke7 48. Nf3 Bc5 49. Nd2 Kd7 50. Nb3 Bb6 51. Na1 Kc6 52. Nb3 Kd7
53. Nd2 1/2-1/2

[Event "4NCL/Div1c/GADS vs. GUI2"]
[Site "Staverton Park ENG"]
[Date "2009.05.02"]
[Round "9.4"]
[White "Gallagher, Joseph G"]
[Black "Cernousek, Lukas"]
[Result "0-1"]
[WhiteElo "2462"]
[BlackElo "2439"]
[PlyCount "114"]
[EventDate "2009.05.02"]
[EventType "team"]
[EventRounds "11"]
[EventCountry "ENG"]
[SourceDate "2008.10.04"]

1. e4 c5 2. Nf3 d6 3. d4 Nf6 4. Nc3 cxd4 5. Nxd4 a6 6. Be2 e5 7. Nb3 Be7 8. O-O
O-O 9. Qd3 Nc6 10. Bg5 Be6 11. Rad1 Ne8 12. Bxe7 Qxe7 13. Nd5 Bxd5 14. exd5 Nb8
15. a4 Nd7 16. a5 Rc8 17. c4 f5 18. f4 exf4 19. Rxf4 Nc5 20. Nxc5 dxc5 21. Rf3
Nd6 22. Re3 Qc7 23. Re6 Rcd8 24. Ra1 Rfe8 25. Rxe8+ Rxe8 26. Bf3 Re5 27. Qc3
Qe7 28. Rc1 Re3 29. Qd2 f4 30. h3 Ne4 31. Qd1 Ng5 32. Bg4 Qe4 33. d6 Rd3 34.
Qe1 Qd4+ 35. Kh1 Ne4 36. d7 Nf2+ 37. Kh2 Nxg4+ 38. hxg4 Qxd7 39. Qe5 f3 40.
gxf3 Rxf3 41. Qd5+ Qf7 42. Rc2 h6 43. Kg2 Rf4 44. Kg3 Rd4 45. Qxf7+ Kxf7 46.
Rc3 Kg6 47. Rb3 Rxc4 48. Rxb7 Rb4 49. Rc7 Rb5 50. Kf4 Rxa5 51. Rc6+ Kh7 52. g5
hxg5+ 53. Kxg5 Rb5 54. Kf5 Rxb2 55. Rxa6 Rf2+ 56. Kg4 Rf6 57. Ra7 Rc6 0-1

[Event "4NCL/Div1c/GADS vs. GUI2"]
[Site "Staverton Park ENG"]
[Date "2009.05.02"]
[Round "9.5"]
[White "Richardson, John R"]
[Black "Cherniaev, Alexander"]
[Result "1/2-1/2"]
[WhiteElo "2308"]
[BlackElo "2423"]
[PlyCount "126"]
[EventDate "2009.05.02"]
[EventType "team"]
[EventRounds "11"]
[EventCountry "ENG"]
[SourceDate "2008.10.04"]

1. d4 Nf6 2. c4 d6 3. Nc3 e5 4. dxe5 dxe5 5. Qxd8+ Kxd8 6. g3 c6 7. f4 Be6 8.
e3 Bc5 9. Nf3 Ng4 10. Nd1 f6 11. h3 Nh6 12. fxe5 fxe5 13. Ng5 Bb4+ 14. Bd2
Bxd2+ 15. Kxd2 Ke7 16. Nxe6 Kxe6 17. h4 a5 18. Bh3+ Ke7 19. Nc3 Na6 20. Ne4 Ng8
21. Ke2 Nf6 22. Nxf6 gxf6 23. Bf5 Nc5 24. Rad1 Rag8 25. Kf3 Rg7 26. h5 h6 27.
Rh2 Rg5 28. g4 Rgg8 29. b3 Rd8 30. Rb1 Rd6 31. a3 a4 32. b4 Nb3 33. c5 Rd2 34.
Rb2 Rxh2 35. Rxh2 Rd8 36. Rb2 Rd1 37. Bc8 Ra1 38. Bxb7 Rxa3 39. Ke4 Kd7 40. Ba6
Ra1 41. Bc4 Rb1 42. Ra2 Ke7 43. Rxa4 Nd2+ 44. Kd3 Nxc4 45. Kxc4 Rg1 46. Ra7+
Ke6 47. Rg7 Rc1+ 48. Kd3 Rd1+ 49. Kc2 Re1 50. Rg6 Rxe3 51. Rxh6 Rg3 52. Rg6 Kd5
53. Rxf6 Rxg4 54. Kb3 Rg3+ 55. Ka4 Rg1 56. Rd6+ Kc4 57. Ka5 Ra1+ 58. Kb6 Kxb4
59. Rxc6 Kc4 60. Rd6 Rb1+ 61. Kc6 Rh1 62. h6 e4 63. Re6 e3 1/2-1/2

[Event "4NCL/Div1c/GADS vs. GUI2"]
[Site "Staverton Park ENG"]
[Date "2009.05.02"]
[Round "9.6"]
[White "Buckley, Graeme"]
[Black "Snape, Ian"]
[Result "1/2-1/2"]
[WhiteElo "2395"]
[BlackElo "2200"]
[PlyCount "57"]
[EventDate "2009.05.02"]
[EventType "team"]
[EventRounds "11"]
[EventCountry "ENG"]
[SourceDate "2008.10.04"]

1. d4 Nf6 2. Bg5 e6 3. e4 h6 4. Bxf6 Qxf6 5. Nc3 d6 6. Qd2 c6 7. O-O-O e5 8.
Nge2 Be7 9. Kb1 Qxf2 10. d5 Nd7 11. Re1 Nf6 12. Qd1 O-O 13. Ng3 cxd5 14. exd5
Bd7 15. Bb5 Bxb5 16. Nxb5 g6 17. Rhf1 Qb6 18. Qd3 a6 19. Nd4 Qxd4 20. Qxd4 exd4
21. Rxe7 Nxd5 22. Rxb7 Ne3 23. Rf2 Rab8 24. Rfxf7 Rxb7 25. Rxb7 Rf2 26. a4 Rxc2
27. Rd7 d3 28. Ne4 d2 29. Nf6+ 1/2-1/2

[Event "4NCL/Div1c/GADS vs. GUI2"]
[Site "Staverton Park ENG"]
[Date "2009.05.02"]
[Round "9.7"]
[White "Anderton, David"]
[Black "Muir, Andrew J"]
[Result "0-1"]
[WhiteElo "2225"]
[BlackElo "2351"]
[PlyCount "62"]
[EventDate "2009.05.02"]
[EventType "team"]
[EventRounds "11"]
[EventCountry "ENG"]
[SourceDate "2008.10.04"]

1. d4 d5 2. c4 e6 3. Nf3 Nf6 4. e3 Nbd7 5. Bd3 dxc4 6. Bxc4 Bd6 7. Nc3 O-O 8.
O-O c6 9. a4 Qe7 10. h3 e5 11. dxe5 Nxe5 12. Nxe5 Bxe5 13. f4 Bxc3 14. bxc3 Bf5
15. g4 Rad8 16. Qe2 Be6 17. Bd3 Bd5 18. Ba3 c5 19. c4 Bc6 20. Bb2 Ne4 21. Rfd1
Ng3 22. Qe1 Rxd3 23. Rxd3 Qe4 24. Qxg3 Qxd3 25. f5 Qe4 26. Re1 Rd8 27. Re2 f6
28. Qf4 Qh1+ 29. Kf2 Qg2+ 30. Ke1 Qg1+ 31. Qf1 Rd1+ 0-1

[Event "4NCL/Div1c/GADS vs. GUI2"]
[Site "Staverton Park ENG"]
[Date "2009.05.02"]
[Round "9.8"]
[White "Sandu, Mihaela"]
[Black "Bellin, Jana"]
[Result "1-0"]
[WhiteElo "2305"]
[BlackElo "2191"]
[PlyCount "65"]
[EventDate "2009.05.02"]
[EventType "team"]
[EventRounds "11"]
[EventCountry "ENG"]
[SourceDate "2008.10.04"]

1. e4 c5 2. Nf3 e6 3. d4 cxd4 4. Nxd4 a6 5. Bd3 Nf6 6. O-O d6 7. c4 g6 8. Nc3
Bg7 9. Nf3 Qc7 10. Bf4 Nh5 11. Bg5 O-O 12. Qd2 Nc6 13. Rfd1 Nf6 14. Rac1 Ne8
15. Bf1 b6 16. Bf4 Ne5 17. Nxe5 Bxe5 18. Bxe5 dxe5 19. b4 Bb7 20. f3 a5 21. Nb5
Qe7 22. c5 bxc5 23. bxc5 Bc6 24. a4 f5 25. exf5 Rxf5 26. Nd6 Rf4 27. Qc3 Rxa4
28. Nxe8 Rxe8 29. Rd6 Bd5 30. Bb5 Rb4 31. Bxe8 Qxe8 32. Qxe5 Qb8 33. Qf6 1-0

[Event "4NCL/Div1c/GUI1 vs. BAR1"]
[Site "Staverton Park ENG"]
[Date "2009.05.02"]
[Round "9.1"]
[White "Kurnosov, Igor"]
[Black "Turner, Matthew J"]
[Result "1-0"]
[WhiteElo "2658"]
[BlackElo "2511"]
[PlyCount "107"]
[EventDate "2009.05.02"]
[EventType "team"]
[EventRounds "11"]
[EventCountry "ENG"]
[SourceDate "2008.10.04"]

1. e4 e5 2. Nf3 Nc6 3. Bb5 g6 4. c3 Nf6 5. d4 exd4 6. e5 Nd5 7. O-O Bg7 8. Bg5
Nce7 9. Qxd4 c6 10. Bc4 Qb6 11. Qd2 h6 12. Bxd5 hxg5 13. Bb3 g4 14. Qf4 Nd5 15.
Qxg4 d6 16. Qg3 dxe5 17. Nxe5 O-O 18. Nd2 Bf5 19. Nec4 Qa6 20. Nd6 Bd3 21. Rfe1
Rad8 22. N2e4 Bxe4 23. Nxe4 Qa5 24. h4 Ne7 25. Ng5 Nf5 26. Qf3 Bf6 27. g3 Bxg5
28. hxg5 Rd2 29. Re2 Qd8 30. Rxd2 Qxd2 31. Rd1 Qxg5 32. Rd7 Qc1+ 33. Kg2 Qxb2
34. Rxb7 Qd2 35. Rxa7 Kg7 36. Rc7 Qe1 37. a4 c5 38. a5 Nd6 39. Qe3 Qxe3 40.
fxe3 c4 41. Bxc4 Ra8 42. Bd5 Rxa5 43. c4 Kf6 44. Kf3 Ra1 45. c5 Ke5 46. cxd6
Kxd6 47. Rxf7 Kxd5 48. Rg7 Ra6 49. Kf4 Rf6+ 50. Kg5 Rf3 51. g4 Rxe3 52. Rxg6
Re8 53. Ra6 Ke5 54. Kh6 1-0

[Event "4NCL/Div1c/GUI1 vs. BAR1"]
[Site "Staverton Park ENG"]
[Date "2009.05.02"]
[Round "9.2"]
[White "Ferguson, Mark"]
[Black "Howell, David W L"]
[Result "0-1"]
[WhiteElo "2408"]
[BlackElo "2613"]
[PlyCount "68"]
[EventDate "2009.05.02"]
[EventType "team"]
[EventRounds "11"]
[EventCountry "ENG"]
[SourceDate "2008.10.04"]

1. e4 e5 2. Nf3 Nc6 3. Nc3 Nf6 4. d4 exd4 5. Nxd4 Bb4 6. Nxc6 bxc6 7. Bd3 O-O
8. O-O d5 9. exd5 cxd5 10. Bg5 c6 11. Na4 Be6 12. Qf3 Rb8 13. Bf5 h6 14. Bh4
Bd6 15. c3 Qd7 16. Bxf6 Bxf5 17. Bd4 Rfe8 18. Rfe1 Be4 19. Qh5 Re6 20. f3 Bc2
21. b3 Rbe8 22. Qh4 Re2 23. Bf2 Kh7 24. Qd4 Qf5 25. Rxe2 Rxe2 26. Re1 Rxe1+ 27.
Bxe1 Bf4 28. Bd2 Be5 29. Qxa7 d4 30. cxd4 Bf6 31. h3 Qd3 32. Bc3 Qe3+ 33. Kh1
Bg5 34. Qxf7 Bf4 0-1

[Event "4NCL/Div1c/GUI1 vs. BAR1"]
[Site "Staverton Park ENG"]
[Date "2009.05.02"]
[Round "9.4"]
[White "Devereaux, Maxim"]
[Black "Pert, Nicholas"]
[Result "0-1"]
[WhiteElo "2388"]
[BlackElo "2537"]
[PlyCount "84"]
[EventDate "2009.05.02"]
[EventType "team"]
[EventRounds "11"]
[EventCountry "ENG"]
[SourceDate "2008.10.04"]

1. d4 d5 2. c4 c6 3. Nf3 Nf6 4. Nc3 dxc4 5. a4 Bf5 6. e3 e6 7. Bxc4 Bb4 8. O-O
Nbd7 9. Qe2 O-O 10. Nh4 Bd6 11. h3 Bc7 12. Rd1 Qe7 13. Nxf5 exf5 14. Qf3 g6 15.
b3 Bd6 16. a5 Ne4 17. Bb2 Rae8 18. Nxe4 fxe4 19. Qe2 a6 20. Bc3 h6 21. b4 Kh7
22. Rab1 Rc8 23. Ba1 f5 24. g3 h5 25. h4 Rc7 26. Qd2 b5 27. axb6 Nxb6 28. Bxa6
Nd5 29. b5 Ra7 30. Qe2 f4 31. exf4 Bxf4 32. Rb3 e3 33. bxc6 exf2+ 34. Kf1 Be3
35. Bd3 Kg7 36. Bc4 Qe4 37. Bxd5 Qxd5 38. Qxe3 Qh1+ 39. Ke2 f1=Q+ 40. Rxf1
Qxf1+ 41. Kd2 Rf2+ 42. Kc3 Qxa1+ 0-1

[Event "4NCL/Div1c/GUI1 vs. BAR1"]
[Site "Staverton Park ENG"]
[Date "2009.05.02"]
[Round "9.6"]
[White "Knott, Simon"]
[Black "Hebden, Mark L"]
[Result "1/2-1/2"]
[WhiteElo "2350"]
[BlackElo "2510"]
[PlyCount "168"]
[EventDate "2009.05.02"]
[EventType "team"]
[EventRounds "11"]
[EventCountry "ENG"]
[SourceDate "2008.10.04"]

1. Nf3 Nf6 2. c4 g6 3. Nc3 Bg7 4. e4 d6 5. d4 O-O 6. Be2 e5 7. O-O Nc6 8. d5
Ne7 9. Ne1 Nd7 10. Nd3 f5 11. Bd2 Nf6 12. f3 f4 13. g4 g5 14. Be1 Ng6 15. h3
Rf7 16. Kg2 Bf8 17. Rh1 h5 18. Bf2 Rh7 19. Qb3 Nh4+ 20. Bxh4 gxh4 21. Rag1 hxg4
22. hxg4 h3+ 23. Rxh3 Rxh3 24. Kxh3 Nh5 25. Bd1 Be7 26. Kg2 Ng3 27. Ne2 Nxe2
28. Bxe2 Bh4 29. Rh1 Qg5 30. Nf2 Kf8 31. Rh3 Ke7 32. Qd1 Bd7 33. Qh1 Rh8 34.
Kf1 Rh6 35. Nd3 Qf6 36. Ne1 Bg5 37. Rxh6 Bxh6 38. Qh5 c6 39. Ng2 Bg5 40. Kg1
Kd8 41. Kh2 cxd5 42. cxd5 Kc8 43. b3 Qd8 44. a4 a6 45. a5 Qg8 46. b4 Ba4 47.
Kg1 Kb8 48. Kf2 Ka7 49. Qh1 Qc8 50. Qh5 Qg8 51. Qh1 Bd7 52. Ke1 Ka8 53. Qg1 Bd8
54. Kd2 Qh7 55. Ne1 Bc8 56. Nc2 b6 57. axb6 Qb7 58. Qa1 Bxb6 59. Qa4 Kb8 60.
Qc6 Qxc6 61. dxc6 Kc7 62. g5 Kxc6 63. g6 Bd8 64. g7 Be6 65. Bxa6 Bf6 66. Na3
Bxg7 67. Bc4 Bh3 68. Bd5+ Kb6 69. Ke2 Bf8 70. Kf2 Be7 71. Ke2 Bd7 72. Kf2 Bc8
73. Ke2 Ba6+ 74. Kd2 Bd8 75. Bc4 Bc8 76. Nb1 Bh4 77. Ke2 d5 78. exd5 Be7 79.
Nc3 Bxb4 80. Ne4 Bf5 81. d6 Kc6 82. Bf7 Bxd6 83. Nxd6 Kxd6 84. Kf2 Ke7 1/2-1/2

[Event "4NCL/Div1c/GUI1 vs. BAR1"]
[Site "Staverton Park ENG"]
[Date "2009.05.02"]
[Round "9.7"]
[White "King, Daniel J"]
[Black "Cox, John J"]
[Result "1/2-1/2"]
[WhiteElo "2512"]
[BlackElo "2367"]
[PlyCount "58"]
[EventDate "2009.05.02"]
[EventType "team"]
[EventRounds "11"]
[EventCountry "ENG"]
[SourceDate "2008.10.04"]

1. e4 e5 2. Nf3 Nc6 3. Bb5 Nf6 4. Qe2 a6 5. Ba4 b5 6. Bb3 Be7 7. c3 O-O 8. O-O
d5 9. d3 Re8 10. Rd1 h6 11. Nbd2 Bf8 12. Nf1 Be6 13. Ng3 g6 14. h3 Qd7 15. d4
Nxe4 16. Nxe4 dxe4 17. Nxe5 Nxe5 18. dxe5 Qc6 19. Bc2 Bd5 20. Bf4 Rad8 21. Bb3
Bxb3 22. axb3 Rxd1+ 23. Rxd1 Bg7 24. Rd4 g5 25. Bg3 Kf8 26. Kf1 Bxe5 27. Rxe4
Bxg3 28. Rxe8+ Qxe8 29. fxg3 Qe6 1/2-1/2

[Event "4NCL/Div1c/GUI1 vs. BAR1"]
[Site "Staverton Park ENG"]
[Date "2009.05.02"]
[Round "9.8"]
[White "Lauterbach, Ingrid"]
[Black "Lalic, Susan"]
[Result "0-1"]
[WhiteElo "2158"]
[BlackElo "2342"]
[PlyCount "96"]
[EventDate "2009.05.02"]
[EventType "team"]
[EventRounds "11"]
[EventCountry "ENG"]
[SourceDate "2008.10.04"]

1. Nf3 d5 2. c4 e6 3. g3 Nf6 4. Bg2 c5 5. O-O Nc6 6. cxd5 exd5 7. d4 Be6 8. Nc3
c4 9. Re1 Bb4 10. Bg5 Bxc3 11. bxc3 h6 12. Bxf6 Qxf6 13. e4 O-O 14. Nd2 Qd8 15.
Rb1 Rb8 16. Qa4 dxe4 17. Bxe4 Na5 18. Bg2 a6 19. Re5 Nc6 20. Re3 Ne7 21. Qa3
Nd5 22. Re5 b5 23. Ne4 a5 24. Nc5 b4 25. cxb4 axb4 26. Qa6 Nc7 27. Qa5 Qxd4 28.
Re4 Qd6 29. Nxe6 Nxe6 30. Rxc4 Qd3 31. Rcc1 Qd4 32. Rd1 Qb6 33. Qe5 Rfd8 34.
Rxd8+ Rxd8 35. Qe1 Rd4 36. a3 b3 37. Qc3 b2 38. Qc2 Rd8 39. Rxb2 Qa5 40. a4
Qe1+ 41. Bf1 Nd4 42. Qd3 Qa5 43. Qd1 Qc3 44. Qb1 Nf3+ 45. Kg2 Nd2 46. Qc2 Qf3+
47. Kg1 Nxf1 48. a5 Nxg3 0-1

[Event "4NCL/Div1c/WGHK2 vs. WRO1"]
[Site "Staverton Park ENG"]
[Date "2009.05.02"]
[Round "9.2"]
[White "McNab, Colin"]
[Black "Briscoe, Christopher"]
[Result "1-0"]
[WhiteElo "2472"]
[BlackElo "2267"]
[PlyCount "81"]
[EventDate "2009.05.02"]
[EventType "team"]
[EventRounds "11"]
[EventCountry "ENG"]
[SourceDate "2008.10.04"]

1. c4 e6 2. Nf3 d5 3. b3 d4 4. g3 Nc6 5. Bg2 e5 6. O-O e4 7. Ne1 f5 8. d3 Nf6
9. Nc2 Bc5 10. Ba3 Bxa3 11. Nbxa3 O-O 12. b4 a6 13. Qd2 Be6 14. b5 Ne5 15. dxe4
fxe4 16. Nxd4 Bxc4 17. Nxc4 Nxc4 18. Qc3 Qd5 19. a4 axb5 20. Nxb5 Qf7 21. Rfc1
c6 22. Qxc4 Qxc4 23. Rxc4 cxb5 24. Rb4 Rxa4 25. Raxa4 bxa4 26. Rxa4 Re8 27. Rb4
Re7 28. f3 e3 29. f4 Rc7 30. Bxb7 Rc3 31. Kg2 Kf7 32. Kf3 h5 33. h3 Kg6 34.
Be4+ Kf7 35. Rb7+ Kf8 36. Bd3 Rc1 37. Rb1 Rxb1 38. Bxb1 Ke7 39. Kxe3 Ke6 40.
Kd4 Kd6 41. e4 1-0

[Event "4NCL/Div1c/WGHK2 vs. WRO1"]
[Site "Staverton Park ENG"]
[Date "2009.05.02"]
[Round "9.3"]
[White "Houska, Jovanka"]
[Black "Palliser, Richard"]
[Result "1/2-1/2"]
[WhiteElo "2402"]
[BlackElo "2414"]
[PlyCount "45"]
[EventDate "2009.05.02"]
[EventType "team"]
[EventRounds "11"]
[EventCountry "ENG"]
[SourceDate "2008.10.04"]

1. d4 Nf6 2. Nf3 e6 3. c4 Nc6 4. g3 d5 5. Bg2 dxc4 6. Qa4 Bb4+ 7. Bd2 Nd5 8.
Bxb4 Ndxb4 9. O-O a6 10. Ne5 O-O 11. Nxc6 Nxc6 12. Bxc6 bxc6 13. Qxc4 Qd6 14.
Nd2 e5 15. Rac1 Rb8 16. Nb3 Be6 17. Qxc6 Bxb3 18. axb3 Rxb3 19. dxe5 Qxe5 20.
Qxc7 Qxe2 21. Rc2 Qb5 22. Qd6 Rxb2 23. Rxb2 1/2-1/2

[Event "4NCL/Div1c/WGHK2 vs. WRO1"]
[Site "Staverton Park ENG"]
[Date "2009.05.02"]
[Round "9.4"]
[White "Gourlay, Iain"]
[Black "Martin, Andrew D"]
[Result "1/2-1/2"]
[WhiteElo "2364"]
[BlackElo "2422"]
[PlyCount "22"]
[EventDate "2009.05.02"]
[EventType "team"]
[EventRounds "11"]
[EventCountry "ENG"]
[SourceDate "2008.10.04"]

1. Nf3 Nf6 2. g3 d5 3. c4 c6 4. Bg2 Bg4 5. cxd5 Bxf3 6. Bxf3 cxd5 7. Nc3 e6 8.
O-O Nc6 9. d3 Be7 10. e4 dxe4 11. dxe4 O-O 1/2-1/2

[Event "4NCL/Div1c/WGHK2 vs. WRO1"]
[Site "Staverton Park ENG"]
[Date "2009.05.02"]
[Round "9.5"]
[White "Pein, Malcolm"]
[Black "Barrett, Steve J"]
[Result "1/2-1/2"]
[WhiteElo "2391"]
[BlackElo "2200"]
[PlyCount "39"]
[EventDate "2009.05.02"]
[EventType "team"]
[EventRounds "11"]
[EventCountry "ENG"]
[SourceDate "2008.10.04"]

1. c4 Nf6 2. Nc3 g6 3. d4 Bg7 4. e4 d6 5. Be2 O-O 6. Nf3 Bg4 7. Be3 Nfd7 8. O-O
c5 9. d5 Na6 10. Ng5 Bxe2 11. Qxe2 Qa5 12. Rac1 Nc7 13. f4 b5 14. cxb5 a6 15.
bxa6 Qxa6 16. Qf2 h6 17. Nf3 Nb5 18. Bd2 Nxc3 19. Bxc3 Qxa2 20. Qh4 1/2-1/2

[Event "4NCL/Div1c/WGHK2 vs. WRO1"]
[Site "Staverton Park ENG"]
[Date "2009.05.02"]
[Round "9.6"]
[White "Corke, Anya"]
[Black "McDonald, Neil"]
[Result "1-0"]
[WhiteElo "2237"]
[BlackElo "2405"]
[PlyCount "73"]
[EventDate "2009.05.02"]
[EventType "team"]
[EventRounds "11"]
[EventCountry "ENG"]
[SourceDate "2008.10.04"]

1. d4 d5 2. c4 e6 3. Nc3 Be7 4. Nf3 Nf6 5. Bg5 h6 6. Bh4 O-O 7. e3 Ne4 8. Bxe7
Qxe7 9. cxd5 Nxc3 10. bxc3 exd5 11. Qb3 Rd8 12. c4 dxc4 13. Bxc4 Nc6 14. Qc3
Bg4 15. O-O Bxf3 16. gxf3 Rd6 17. Kh1 Qf6 18. Be2 Re8 19. Rae1 Qh4 20. f4 Rg6
21. Bd3 Rd6 22. Rg1 Qf6 23. Rg2 Nd8 24. Reg1 Ne6 25. f5 Ng5 26. Qxc7 Rb6 27.
Qg3 Kf8 28. Qg4 Rc8 29. h4 Nh7 30. e4 h5 31. Qxh5 Qxd4 32. Rxg7 Qxg7 33. Rxg7
Kxg7 34. e5 f6 35. e6 Rc7 36. Qe8 Rd6 37. e7 1-0

[Event "4NCL/Div1c/WGHK2 vs. WRO1"]
[Site "Staverton Park ENG"]
[Date "2009.05.02"]
[Round "9.7"]
[White "Sowray, Peter J"]
[Black "Gayson, Peter M"]
[Result "1-0"]
[WhiteElo "2311"]
[BlackElo "2256"]
[PlyCount "81"]
[EventDate "2009.05.02"]
[EventType "team"]
[EventRounds "11"]
[EventCountry "ENG"]
[SourceDate "2008.10.04"]

1. c4 e5 2. Nc3 d6 3. g3 f5 4. Bg2 Nf6 5. d3 Be7 6. Nf3 O-O 7. O-O Nc6 8. Bg5
Be6 9. Rb1 Qe8 10. b4 Qh5 11. b5 Nd8 12. Bxf6 Rxf6 13. Nd5 Bxd5 14. cxd5 Rh6
15. h3 g5 16. Rc1 Rc8 17. Rc4 g4 18. Nh2 gxh3 19. Bf3 Qe8 20. Qc1 Nf7 21. Rxc7
Rxc7 22. Qxc7 Bd8 23. Qc8 f4 24. gxf4 exf4 25. Kh1 Qxb5 26. Ng4 Rg6 27. Be4 Kg7
28. Bxg6 hxg6 29. Qc3+ Kf8 30. Qc4 Qb2 31. Qe4 Qxa2 32. Kh2 a5 33. Rc1 Qb2 34.
Rc8 a4 35. Nh6 Qf6 36. Nxf7 Kxf7 37. Qxa4 f3 38. Qd7+ Be7 39. Qe8+ Kg7 40. Qh8+
Kf7 41. Qg8# 1-0